000 00691nam a2200169 i 4500
001 122679
003 ES-MaACL
005 20230906192025.0
007 t|
008 070214s1962 sp r ||||1| spa d
110 0 _aConsejo Económico Sindical (España).
_bGabinete Técnico.
_93198
245 1 3 _aLa problemática del Mercado Común y España
_b: síntesis de las conferencias pronunciadas en la Delegación Provincial de Sindicatos de Madrid.
260 _aMadrid :
_bOrganización Sindical C. N. S. de Madrid, Gabinete Técnico del Consejo Economico Sindical,
_c1962.
300 _a100 p. ;
_c24 cm.
610 0 4 _aMercado Común Europeo.
_95683
852 _aES-MaACL
_jC-25367
_bR.53226
999 _c122679
_d122679